Online
Catalog
Normal view MARC view

Entry Nombre personal

Number of records used in: 2

001 - NÚMERO DE CONTROL

  • campo de control: 32484

003 - IDENTIFICADOR DEL NÚMERO DE CONTROL

  • campo de control: BNPHU

005 - FECHA Y HORA DE LA ÚLTIMA TRANSACCIÓN

  • campo de control: 20250304102008.0

008 - DATOS DE LONGITUD FIJA

  • campo de control de longitud fija: 200615|| aca||aabn | a|a d

010 ## - NÚMERO DE CONTROL DE LA BIBLIOTECA DEL CONGRESO

  • Número de control de LC: n 2003052130

040 ## - FUENTE DE LA CATALOGACIÓN

  • Centro catalogador/agencia de origen: DO-SdBNP
  • Lengua de catalogación: spa
  • Centro/agencia transcriptor: BNPHU
  • Normas de descripción: rda

046 ## - FECHAS CON CODIFICACIÓN ESPECIAL

  • Fecha de nacimiento: 1887
  • Fecha de la muerte: 1975

100 1# - ENCABEZAMIENTO-NOMBRE DE PERSONA

  • Nombre de persona: Veloz Molina, Francisco,
  • Fechas asociadas al nombre: 1887-1975

370 ## - LUGAR ASOCIADO

  • Lugar de nacimiento: Santo Domingo

372 ## - CAMPO DE ACTIVIDAD

  • Campo de actividad: Comerciante

375 ## - GÉNERO/SEXO

  • Género/Sexo: Masculino

377 ## - LENGUA/LENGUAJE ASOCIADO

  • Código del idioma: Español

400 1# - TRAZADO DE VÉASE--NOMBRE DE PERSONA

  • Nombre de persona: Molina, Francisco Veloz,
  • Fechas asociadas al nombre: 1887-1975

670 ## - FUENTE DE DATOS ENCONTRADOS

  • Cita de la fuente: Work cat.: (OSt)13973: Veloz Molina, Francisco, 1887-1975, La misericordia y sus contornos :, 2002.

670 ## - FUENTE DE DATOS ENCONTRADOS

  • Cita de la fuente: Veloz Molina, Francisco. La Misericordia y sus contornos, 1894-1916, 2002:
  • Información encontrada: portada (Francisco Veloz Molina) solapa frontal (Francisco Javier Veloz Molina; n. 1887; d. 1975)

670 ## - FUENTE DE DATOS ENCONTRADOS

  • Identificador Uniforme del Recurso: https://authorities.loc.gov/cgi-bin/Pwebrecon.cgi?AuthRecID=6059675&v1=1&HC=1&SEQ=20250304093148&PID=ZVUsKbwZaHkFJaFwZ-4VL61Y5CR5 Consultado en 04 de marzo, 2025

Powered by Koha